| 000 | 00428nam a2200133Ia 4500 | ||
|---|---|---|---|
| 008 | 191014s9999 xx 000 0 und d | ||
| 020 | _a981-02-3537-2 | ||
| 082 |
_a539.762 _bHAM |
||
| 100 |
_aJ H Hamilton, A V Ramayya _920591 |
||
| 245 | 0 | _aProceedings of the International Conference Fission and Properties of Neutron Rich Nuclei | |
| 260 |
_aSingapore _bWorld Scientific Company _c1998 |
||
| 300 | _aXiv,659 | ||
| 942 | _cBK | ||
| 999 |
_c531186 _d531186 |
||